000 00772nam a22002052 4500
001 0000004318
005 20151217145803.0
008 070522s xx 000 0 eng d
040 _aKABU
_cKABU
050 0 _aQA276.4
_b.O28
100 1 _aObure, Ming'ala J.
_@0000160893
245 1 0 _aHandbook for data analysis using SPSS :
_bmastering SPSS for Windows & statistics in plain English text: for researchers and data analysts /
_cMing'ala J. Obure.
260 _aNairobi :
_bM & O Data Expert Training and Consultants,
_cc2002.
300 _axiv, 316 p. ;
_c27 cm.
650 0 _aStatistics
_xData processing.
_@0000154808
650 0 _aStatistics
_xComputer programs.
_@0000160894
908 _a070522
950 _@1
999 _c2606
_d2606